Introducción a la estadística descriptiva (Registro nro. 817)
[ vista simple ]
| 000 -Cabecera | |
|---|---|
| Campo de control de longitud fija | 01001ata a2200361 4500 |
| 005 - Fecha y hora de la última transacción | |
| Campo de control | 20251127165444.0 |
| 008 - Elementos de longitud fija--Información general | |
| Campo de control de longitud fija | 150909b2012 xxu||||| |||| 00| 0 spa d |
| 020 ## - International Standard Book Number | |
| Número Internacional Estándar del Libro (ISBN) | 9789968627047 |
| 041 ## - Idioma | |
| Código de idioma | Español |
| 082 ## - Clasificación Decimal Dewey | |
| Número de clasificación | 519.53 T787i |
| 100 ## - Entrada principal--Autor personal | |
| Nombre personal | Trejos Zelaya, Javier |
| 9 (RLIN) | 3595 |
| 100 ## - Entrada principal--Autor personal | |
| Nombre personal | Moya Vargas, Ericka |
| 245 ## - Título propiamente dicho | |
| Título | Introducción a la estadística descriptiva |
| 260 ## - Pie de imprenta | |
| Lugar de publicación, distribución, etc. | Costa Rica |
| 260 ## - Pie de imprenta | |
| Nombre del editor, distribuidor, etc. | Ediciones el Roble del Atlántico |
| 260 ## - Pie de imprenta | |
| Fecha de publicación, distribución, etc. | 2012 |
| 300 ## - Descripción física | |
| Extensión | 268 páginas |
| 490 ## - Serie | |
| Título de la Serie | Gestión de Calidad |
| 490 ## - Serie | |
| Título de la Serie | Dirección y Administración de Empresas |
| 650 ## - Materia general | |
| Temática (materia general) | ESTADISTICA DESCRIPTIVA |
| 650 ## - Materia general | |
| Temática (materia general) | INVESTIGACION ESTADISTICA |
| 650 ## - Materia general | |
| Temática (materia general) | CUESTIONARIO |
| 650 ## - Materia general | |
| Temática (materia general) | PRESENTACION DE LA INFORMACION |
| 650 ## - Materia general | |
| Temática (materia general) | GRAFICOS |
| 650 ## - Materia general | |
| Temática (materia general) | DISTRIBUCIONES DE FRECUENCIA |
| 650 ## - Materia general | |
| Temática (materia general) | MEDIADAS DE POSICION |
| 650 ## - Materia general | |
| Temática (materia general) | VARIABILIDAD |
| 650 ## - Materia general | |
| Temática (materia general) | VARIABLES CUANTITATIVAS |
| 650 ## - Materia general | |
| Temática (materia general) | PROBABILIDADES |
| 942 ## - Punto de acceso adicional KOHA | |
| Tipo de ítem KOHA | Libro |
| Fuente del sistema de clasificación o colocación | Dewey Decimal Classification |
| Signatura completa | Código de barras | Programa Académico | Tipo de ítem |
|---|---|---|---|
| 519.53 T787i | 16965 | Libro | |
| 519.53 T787i | 16966 | Libro | |
| 519.53 T787i | 16967 | Libro | |
| 519.53 T787i | 16968 | Libro |